000
00278nam a22001217a 4500
008
170607b xxu||||| |||| 00| 0 eng d
041
_a
eng
080
_2
3 ED
_a
32
100
_a
18
101
_a
SHP
245
_a
ETHICS POLITICS CASES COMMENTS
_c
GUTMANN.A
942
_2
udc
_c
BK
999
_c
16304
_d
16304